| 000 | 01875nam a2200361Ia 4500 | ||
|---|---|---|---|
| 999 |
_c55201 _d55201 |
||
| 001 | 22276 | ||
| 003 | GE_BSU | ||
| 005 | 20230222122456.0 | ||
| 008 | 181216s2013||||ge |||||||||||||| ||geo|| | ||
| 020 | _a978-9941-437-23-6 | ||
| 040 | _cGE_BSU | ||
| 041 | _ageo | ||
| 080 | _a1(38)(092 პლატონი) პ-43 | ||
| 245 |
_aპლატონის "სოფისტი / _cძვ. ბერძნ. თარგმნა, გამოკვლევა და კომენტარები დაურთო მაია შუხოშვილმა ; რედ. ი. დარჩია |
||
| 264 |
_aთბილისი : _b[?], _c2013. |
||
| 300 |
_a421 გვ. ; _c24 სმ. |
||
| 490 | _aპროგრამა "ლოგოსი | ||
| 500 | _aსაძიებლები გვ. 415-421 | ||
| 500 | _aკომენტარები გვ. 406-414 | ||
| 504 | _aბიბლიოგრაფია ტექსტების შენიშვნებში და გვ. 145-152 | ||
| 520 | _aპარალელური თავფურცელი და რეზიუმე ინგლისურ ენაზე | ||
| 541 | _h23 ლ. | ||
| 653 | _aლიტერატურული დიალოგი | ||
| 653 | _aმსჯელობის დიალექტიკური მეთოდი | ||
| 653 | _aპლატონის "სოფისტი | ||
| 653 | _aსოფიზმი | ||
| 653 | _aძველი ბერძნული ფილოსოფია | ||
| 653 | _a პლატონი | ||
| 653 | _aძველი ბერძნული ტექსტები | ||
| 700 |
_aშუხოშვილმა, მაია _eმთარგმნელი _917009 |
||
| 700 |
_aდარჩია, ი. _eრედაქტორი _917010 |
||
| 942 |
_cBK _2udc |
||